000 00763nam a2200265Ia 4500
003 OSt
005 20220918211958.0
006 a|||||r|||| 00| 0
007 ta
008 220917b |||||||| |||| 00| 0 eng d
024 _a126,551
037 _cTextual
040 _aARTS
_cARTS
_beng
041 _2eng
_aeng
082 _aW:(X).648.N8<-N6, M6
100 _aSchatzberg Micahel G
_9121969
245 0 _aPolitical economy of Cameroon
260 _aNew York
_bPraeger Pub
_c1986
300 _axii,367p.
_ccm.
490 _aSAIS study on Africa
650 _aPOLITICAL SCIENCE
700 _a Zartman I William
_996479
942 _hW:(X).648.N8<-N6, M6
_cTEXL
_2CC
999 _c249693
_d249693